00613nam a2200193 i 4500001000700000003000900007005001700016007000300033008004100036080000800077100003600085245004100121260003900162300002200201650002300223852003200246999001900278952012200297147672ES-MaACL20230906202212.0t|071004s1968 sp ||||1| baq d a2541 aUrkola Eleizegi, Mikel.911218810aSekularrak apaiztu / cMikel Urkola. a[Vitoria : bMikel Urkola, c1968] a178 p. ; c19 cm.14aSacerdotes.916959 aES-MaACLjC-51215 bR.67398 c147672d147672 00104070aATENEOMbATENEOMcDEPO2d2008-01-17eSCl0oC-51215p1154109r2023-02-23 00:00:00w2023-02-23yMONOGRAFIA